000 01263 a2200241 4500
010 _aHIN-82149
020 _a9788189917241
_c150.00
035 _aHN-54495
037 _bपु.प्र.अ.प्र/प्रका
082 1 4 _a822
090 _c9910
_d9910
100 1 _aअग्रवाल, उर्मिला
245 1 _a...और रश्मि झिलमिला उठी/
_cउर्मिला अग्रवाल
246 _aRashim jhilmila Uthee
_bbyUrmila Agarwal
260 _aनई दिल्ली
_bविश्वभारती पब्लिकेशन्स
_c2007
270 _a4378/4 बी अंसारी रोड, दरियागंज
_bनई दिल्ली
_e110002
_k23285119
300 _a46पृ. ; 64पृ.
_c22 सेमी (सजिल्द)
500 _aइस पुस्तक में . 'और रश्मि झिलमिला उठी ' नाटक के साथ 'रिशते 'नाटक भी सम्मिलित है ।
650 _aहिन्दी नाटक
650 _aHindi Play
942 _adpl
_cHN
_k822 / अग्रवा
999 _c9723
_d9723